00558cam a22001814a 45000010009000000050017000090080041000260200015000670400018000820820018001001000022001182450065001402600089002053000018002946500021003126500020003337000023003531185672120240229043200.0991117s1999 quc b 000 0 eng  a2922084167 aDLCcDLCdDLC 222a323bWOM.1 aMazurana, Dyan E.10aWomen & peacebuilding /cDyan E Mazurana and Susan R. McKay. aMontreal :bInternational Centre for Human Rights and Democratic Development,c1999. avii, 116 p. ; 0aWomen and peace. 0aPeace-building.1 aMcKay, Susan,eedt